| 000 -LEADER |
| fixed length control field |
00460nam a2200157 a 4500 |
| 020 ## - INTERNATIONAL STANDARD BOOK NUMBER |
| ISBN |
8131505820 (paperback) |
| 020 ## - INTERNATIONAL STANDARD BOOK NUMBER |
| ISBN |
9788131505823 (paperback) |
| 082 ## - DEWEY DECIMAL CLASSIFICATION NUMBER |
| Classification number |
518CHE |
| 100 ## - MAIN ENTRY--AUTHOR NAME |
| Personal name |
CHeney,Ward |
| 245 00 - TITLE STATEMENT |
| Title |
Numerical Methods and Applications. |
| 260 ## - PUBLICATION, DISTRIBUTION, ETC. (IMPRINT) |
| Place of publication |
New Delhi |
| Name of publisher |
CENEAGE LEARNING INDIA PVT LTD, |
| Year of publication |
2008 |
| 300 ## - PHYSICAL DESCRIPTION |
| Number of Pages |
587p. |
| 650 ## - SUBJECT ADDED ENTRY--TOPICAL TERM |
| Topical Term |
Numerical analysis |
| 856 40 - ELECTRONIC LOCATION AND ACCESS |
| Uniform Resource Identifier |
http://www.amazon.com/exec/obidos/ASIN/8131505820/chopaconline-20 |
| 942 ## - ADDED ENTRY ELEMENTS (KOHA) |
| Koha item type |
Books |